000 00311nam a22001337a 4500
003 SGT
082 _a343.02,KHA
100 _aKHANNA,RAJIV
245 _aLL.B.2 TERM PROPERTY LAW CASES SELECTED
260 _aNEW DELHI
_bUNIVERSITY DELHI
_c2012
300 _a245
650 _aCASES SELECTED
942 _2ddc
_cBK
999 _c10384
_d10384